000 00681nam a2200253Ia 4500
003 OSt
005 20221005133530.0
006 a|||||r|||| 00| 0
007 ta
008 221004b |||||||| |||| 00| 0 ara d
020 _c200
024 _a40179
037 _b02, 26/03/2007, Nadwi Publications
_cTextual
040 _aCRL
_cCRL
_bara
041 _2ara
_aara
082 _aO28,1NUS:g, N1
100 _aKhaleef Yusuf Au.
245 0 _aZawalurrammat
260 _c1991
300 _a454p.
_ccm.
650 _aARABIC POETRY
942 _hO28,1NUS:g, N1
_cTEXL
_2cc
999 _c1067119
_d1067119